00422nam a2200145Ia 4500008004100000040001800041041000800059100002800067245003600095260004400131300001800175586003700193650002400230650002200254130821s1979 sp gr spa  aCo-BoUCMbspa aspa aPaz, Octaviod1914-1998 aPoemas (1935-1975)cOctavio Paz aBarcelona (España)bSeix-Barralc1979 a719 páginas aPremio Nobel de Literatura, 199004aLiteratura mexicana04aPoesía mexicana